<?xml version="1.0" encoding="UTF-8"?>
<collection xmlns="http://www.loc.gov/MARC21/slim">
 <record>
  <leader>03973nam a22003377a 4500</leader>
  <controlfield tag="001">kal6044</controlfield>
  <controlfield tag="003">Gr-AtHEAL</controlfield>
  <controlfield tag="005">20160515220924.0</controlfield>
  <controlfield tag="008">160513b        gr ||||| |||| 00| 0 eng|c</controlfield>
  <datafield tag="020" ind1=" " ind2=" ">
   <subfield code="a">9789606032998</subfield>
  </datafield>
  <datafield tag="040" ind1=" " ind2=" ">
   <subfield code="a">GR-AtHEAL</subfield>
   <subfield code="b">gre</subfield>
   <subfield code="c">GR-AtHEAL</subfield>
  </datafield>
  <datafield tag="082" ind1="0" ind2="4">
   <subfield code="a">621.38</subfield>
   <subfield code="2">23</subfield>
  </datafield>
  <datafield tag="100" ind1="1" ind2=" ">
   <subfield code="a">Μήτρου, Νικόλαος.</subfield>
   <subfield code="8">2886</subfield>
  </datafield>
  <datafield tag="245" ind1="1" ind2="0">
   <subfield code="a">Ψηφιακές Επικοινωνίες</subfield>
   <subfield code="b">Συνοπτική Θεωρία και Εργαστήριο</subfield>
   <subfield code="c">Μήτρου, Νικόλαος ;  Κριτικός αναγνώστης, Καραμπογιάς, Σεραφείμ ;  Τεχνική επιμέλεια, Σταύρου, Περικής, Τσιώνης, Ηλίας ;  Γλωσσική επιμέλεια, Κονάχος, Δημήτριος</subfield>
   <subfield code="h">[Ηλεκτρονικός πόρος].</subfield>
  </datafield>
  <datafield tag="260" ind1=" " ind2=" ">
   <subfield code="a">Αθήνα :</subfield>
   <subfield code="b">Σύνδεσμος Ελληνικών Ακαδημαϊκών Βιβλιοθηκών,</subfield>
   <subfield code="c">c2015.</subfield>
  </datafield>
  <datafield tag="490" ind1=" " ind2=" ">
   <subfield code="a">Ακαδημαϊκά Ηλεκτρονικά Συγγράμματα και Βοηθήματα Κάλλιπος</subfield>
   <subfield code="8">40</subfield>
  </datafield>
  <datafield tag="505" ind1=" " ind2=" ">
   <subfield code="a">1. Η Ψηφιακή Επεξεργασία Σήματος στις Τηλεπικοινωνίες 2. Εξομοίωση – Ψηφιακή Υλοποίηση Αναλογικών Διαμορφώσεων 3. Βέλτιστη ψηφιακή αναγνώριση – Προσαρμοσμένα φίλτρα 4. Φασματικά χαρακτηριστικά ψηφιακών κυματομορφών – Μορφοποίηση με φίλτρα Nyquist 5. Ψηφιακή Διαμόρφωση QAM και PSK 6. Ψηφιακή διαμόρφωση FSK και MSK 7. Απόδοση διαύλου – Θεωρητικά όρια και πρακτικές προσεγγίσεις – Σύγκριση συστημάτων διαμόρφωσης 8. Ειδικά θέματα και παραδείγματα σύγχρονων συστημάτων ψηφιακής επικοινωνίας – OFDM 9. Κωδικοποίηση Διαύλου Μέρος Ι: Τμηματικοί Κώδικες 10. Εισαγωγή στο MATLAB</subfield>
  </datafield>
  <datafield tag="520" ind1=" " ind2=" ">
   <subfield code="a">Το σύγγραμμα καλύπτει την ύλη ενός πρώτου, εξαμηνιαίου μαθήματος στις ψηφιακές επικοινωνίες, με δύο βασικά θεματικά πεδία: τις ψηφιακές διαμορφώσεις (ASK, PSK, QAM, FSK, MSK, OFDM) και την κωδικοποίηση διαύλου (γραμμικούς τμηματικούς κώδικες). Για καθένα από τα θέματα που πραγματεύεται παρουσιάζεται συνοπτική θεωρία καθώς και επεξεργασμένα παραδείγματα εξομοίωσης στην πλατφόρμα MATLAB, τα οποία αποτελούν τη βάση της εργαστηριακής εξάσκησης των φοιτητών. Στο παράρτημα παρέχεται εκπαιδευτικό υλικό για την εξοικείωση του σπουδαστή με τα εργαλεία MATLAB.</subfield>
  </datafield>
  <datafield tag="650" ind1=" " ind2="0">
   <subfield code="a">Digital communications</subfield>
   <subfield code="8">2961</subfield>
  </datafield>
  <datafield tag="653" ind1=" " ind2=" ">
   <subfield code="a">Κωδικοποίηση δίαυλου</subfield>
  </datafield>
  <datafield tag="653" ind1=" " ind2=" ">
   <subfield code="a">Φίλτρα μορφοποίησης</subfield>
  </datafield>
  <datafield tag="653" ind1=" " ind2=" ">
   <subfield code="a">Προσαρμοσμένα φίλτρα</subfield>
  </datafield>
  <datafield tag="653" ind1=" " ind2=" ">
   <subfield code="a">Ψηφιακή διαμόρφωση</subfield>
  </datafield>
  <datafield tag="653" ind1=" " ind2=" ">
   <subfield code="a">Κυκλικοί κώδικες</subfield>
  </datafield>
  <datafield tag="653" ind1=" " ind2=" ">
   <subfield code="a">Τμηματικοί κώδικες</subfield>
  </datafield>
  <datafield tag="700" ind1=" " ind2=" ">
   <subfield code="a">Καραμπογιάς, Σεραφείμ</subfield>
   <subfield code="e">Κριτικός αναγνώστης</subfield>
   <subfield code="8">2887</subfield>
  </datafield>
  <datafield tag="856" ind1=" " ind2=" ">
   <subfield code="u">http://hdl.handle.net/11419/6044</subfield>
   <subfield code="z">Πλήρες Κείμενο - Full text</subfield>
  </datafield>
  <datafield tag="907" ind1=" " ind2=" ">
   <subfield code="a">.b25681680</subfield>
   <subfield code="b">25-06-18</subfield>
   <subfield code="c">29-07-16</subfield>
  </datafield>
  <datafield tag="949" ind1=" " ind2=" ">
   <subfield code="0">0</subfield>
   <subfield code="1">0</subfield>
   <subfield code="2">ddc</subfield>
   <subfield code="4">0</subfield>
   <subfield code="6">621_380000000000000_ΜΗΤ</subfield>
   <subfield code="7">0</subfield>
   <subfield code="8">KALL</subfield>
   <subfield code="8">933</subfield>
   <subfield code="d">2016-05-15</subfield>
   <subfield code="r">2016-05-15</subfield>
   <subfield code="w">2016-05-15</subfield>
   <subfield code="z">621.38 ΜΗΤ</subfield>
   <subfield code="o">SEAB KALLIPOS</subfield>
  </datafield>
  <datafield tag="998" ind1=" " ind2=" ">
   <subfield code="a">80</subfield>
   <subfield code="a">01</subfield>
   <subfield code="a">02</subfield>
   <subfield code="a">03</subfield>
   <subfield code="a">04</subfield>
   <subfield code="a">05</subfield>
   <subfield code="a">06</subfield>
   <subfield code="a">07</subfield>
   <subfield code="a">08</subfield>
   <subfield code="a">09</subfield>
   <subfield code="a">10</subfield>
   <subfield code="a">11</subfield>
   <subfield code="a">12</subfield>
   <subfield code="a">13</subfield>
   <subfield code="a">14</subfield>
   <subfield code="a">15</subfield>
   <subfield code="a">16</subfield>
   <subfield code="a">17</subfield>
   <subfield code="a">18</subfield>
   <subfield code="a">19</subfield>
   <subfield code="a">20</subfield>
   <subfield code="a">21</subfield>
   <subfield code="a">22</subfield>
   <subfield code="a">23</subfield>
   <subfield code="a">24</subfield>
   <subfield code="a">25</subfield>
   <subfield code="a">26</subfield>
   <subfield code="b">29-05-17</subfield>
   <subfield code="c">m</subfield>
   <subfield code="d">z  </subfield>
   <subfield code="e">-</subfield>
   <subfield code="f">gre</subfield>
   <subfield code="g">gr </subfield>
   <subfield code="h">0</subfield>
  </datafield>
  <datafield tag="942" ind1=" " ind2=" ">
   <subfield code="2">ddc</subfield>
   <subfield code="c">KALLIPOS</subfield>
  </datafield>
 </record>
</collection>
